|
|
|
|
| LEADER |
01170nam a2200289 u 4500 |
| 001 |
10022949 |
| 003 |
upatras |
| 005 |
20230118122503.0 |
| 008 |
990702s1995 gr gre |
| 020 |
|
|
|a 9600400490
|
| 040 |
|
|
|a GR-PaULI
|c GR-PaULI
|
| 041 |
0 |
|
|a gre
|
| 082 |
0 |
4 |
|a 889.35
|
| 100 |
1 |
|
|a Ιωάννου, Γιώργος,
|d 1927-1985
|9 34795
|
| 245 |
1 |
0 |
|a Για ένα φιλότιμο
|b πεζογραφήματα
|c Γιώργος Ιωάννου
|
| 250 |
|
|
|a 16η έκδοση
|
| 260 |
|
|
|a Αθήνα
|b Κέδρος
|c 1995
|
| 300 |
|
|
|a 90 σ.
|c 21 εκ.
|
| 500 |
|
|
|a Πεζογραφήματα
|
| 650 |
|
4 |
|a Νεοελληνική λογοτεχνία
|9 320
|
| 650 |
|
4 |
|a Νεοελληνικό διήγημα
|9 4052
|
| 600 |
1 |
4 |
|a Ιωάννου, Γιώργος,
|d 1927-1985
|9 34795
|
| 852 |
|
|
|a GR-PaULI
|b ΠΑΤΡΑ
|b ΘΕΑΤΡΟΛΟΓΙΑ
|k ΑΣΧΕ-3
|h 889.35 ΙΩΑ
|m 013393
|p 025000013028
|t 1
|
| 942 |
|
|
|2 ddc
|c BK15
|
| 952 |
|
|
|0 0
|1 0
|4 0
|6 889_350000000000000_ΙΩΑ
|7 0
|9 188569
|a THST
|b THST
|d 2016-04-24
|i 013393
|l 1
|o 889.35 ΙΩΑ
|p 025000013028
|r 2024-10-11 10:54:50
|s 2024-10-10
|t 1
|w 2016-04-24
|y BK15
|
| 998 |
|
|
|c ΗΛΙΟΠΟΥΛΟΥ
|d 1999-07
|
| 999 |
|
|
|c 116214
|d 116214
|